| 000 | 00431nam a22001577a 4500 | ||
|---|---|---|---|
| 005 | 20260508114221.0 | ||
| 008 | 160426b xxu||||| |||| 00| 0 eng d | ||
| 020 | _a0-07-099-319-X | ||
| 041 | _aeng | ||
| 082 | _a519.70011 | ||
| 100 |
_aGillett. Billy F _966 |
||
| 245 | _aIntroduction to Operations Research: A Computer-Oriented Algorithmic Approach | ||
| 260 |
_aNew Delhi _bTata MC Graw Hill, _c1993 |
||
| 300 | _a617 | ||
| 942 | _cBK | ||
| 999 |
_c32 _d32 |
||